000 00418nam a2200181Ia 4500
005 20240823053015.0
008 240823s9999||||xx |||||||||||||| ||und||
041 _aENGLISH
082 _A537 M8
100 _aTayal D C
245 0 _aElectricity and Electronics
250 _a6th-Re
260 _c1988
_b"Himalaya,Bombay"
500 _aTransfered
650 _aPhysics
_bPhysics
942 _cBK
999 _c223189
_d223189